Стратегирование газовой отрасли России: дальневосточный вектор: монография

Detalhes bibliográficos
Autor principal: Сасаев Н. И. Никита Игоревич
Outros Autores: Дарькин С. М. Сергей Михайлович (редактор), Квинт В. Л. Владимир Львович
Resumo:В нестационарных экономических условиях Дальневосточный федеральный округ, как один из перспективнейших макрорегионов России, обладает необходимым ресурсным и технологическим потенциалами для осуществления рывка социально-экономического развития. На Дальнем Востоке России потенциальным драйвером развития может выступать газовая отрасль, на функционировании и развитии которой сконцентрирован весь спектр интересов и имеющая ряд масштабных стратегических возможностей. Реализация стратегических возможностей отдельными проектами в большинстве случаев принесет лишь точечный и краткосрочный успех, в этой связи необходимым является комплексный подход, предусматривающий разработку и дальнейшую реализацию полноценной отраслевой стратегии, интегрированной в общую систему стратегий. В основу научного исследования легла общая теория стратегии и методология стратегирования, разработанная в Центре стратегических исследований института математических исследований сложных систем и на кафедре экономической и финансовой стратегии Московской школы экономики МГУ имени М. В. Ломоносова под научным руководством академика, иностранного члена РАН В. Л. Квинта. Монография направлена на разработку концепции стратегии газовой отрасли Дальнего Востока России, учитывающей весь спектр интересов, стратегических тенденций и возможностей. По результатам комплексного стратегического анализа формируется концепция миссии и видения стратегии газовой отрасли Дальнего Востока России, подробно раскрываются стратегические приоритеты с указанием результирующих целей и основных эффектов общественной и экономической эффективности от их реализации.
Idioma:russo
Publicado em: Москва, Первое экономическое издательство, 2022
Colecção:Библиотека "Стратегия Дальнего Востока России"
Assuntos:
Acesso em linha:https://doi.org/10.18334/9785912924446
Formato: Recurso Electrónico Livro
KOHA link:https://koha.lib.tpu.ru/cgi-bin/koha/opac-detail.pl?biblionumber=679032

MARC

LEADER 00000nam0a2200000 4500
001 679032
005 20250331085422.0
010 |a 978-5-91292-444-6 
090 |a 679032 
100 |a 20250311d2022 k||y0rusy50 ca 
101 0 |a rus 
102 |a RU 
105 |a a z 001yy 
181 0 |a i   |b  e  
182 0 |a n 
183 0 |a nc  |2 RDAcarrier 
200 1 |a Стратегирование газовой отрасли России: дальневосточный вектор  |e монография  |f Н. И. Сасаев  |g под науч. ред. С. М. Дарькина, В. Л. Квинта 
203 |a Текст  |b визуальный  |c непосредственный 
210 |a Москва  |c Первое экономическое издательство  |d 2022 
215 |a 164 с.  |c ил. 
225 1 |a Библиотека "Стратегия Дальнего Востока России" 
283 |a volume  |2 RDAcarrier 
320 |a Список литературы: с. 134-152 
330 |a В нестационарных экономических условиях Дальневосточный федеральный округ, как один из перспективнейших макрорегионов России, обладает необходимым ресурсным и технологическим потенциалами для осуществления рывка социально-экономического развития. На Дальнем Востоке России потенциальным драйвером развития может выступать газовая отрасль, на функционировании и развитии которой сконцентрирован весь спектр интересов и имеющая ряд масштабных стратегических возможностей. Реализация стратегических возможностей отдельными проектами в большинстве случаев принесет лишь точечный и краткосрочный успех, в этой связи необходимым является комплексный подход, предусматривающий разработку и дальнейшую реализацию полноценной отраслевой стратегии, интегрированной в общую систему стратегий. В основу научного исследования легла общая теория стратегии и методология стратегирования, разработанная в Центре стратегических исследований института математических исследований сложных систем и на кафедре экономической и финансовой стратегии Московской школы экономики МГУ имени М. В. Ломоносова под научным руководством академика, иностранного члена РАН В. Л. Квинта. Монография направлена на разработку концепции стратегии газовой отрасли Дальнего Востока России, учитывающей весь спектр интересов, стратегических тенденций и возможностей. По результатам комплексного стратегического анализа формируется концепция миссии и видения стратегии газовой отрасли Дальнего Востока России, подробно раскрываются стратегические приоритеты с указанием результирующих целей и основных эффектов общественной и экономической эффективности от их реализации. 
606 |a Природные ресурсы  |x Использование  |y Россия  |y СССР  |9 58002 
606 |a Экономика  |y Россия  |y Дальний Восток  |9 81336 
610 1 |a газовая отрасль 
610 1 |a стратегическое развитие 
610 1 |a стратегирование 
610 1 |a стратегическая диагностика 
610 1 |a стратегический анализ 
610 1 |a стратегические возможности 
610 1 |a газификация 
610 1 |a газопереработка 
610 1 |a газохимическое производство 
610 1 |a тренды 
610 1 |a монографии 
686 |2 rubbk  |a У04(2)1 
686 |2 rubbk  |a У9(2Р55) 
700 1 |a Сасаев  |b Н. И.  |g Никита Игоревич 
702 1 |4 340  |a Дарькин  |b С. М.  |g Сергей Михайлович 
702 1 |4 340  |a Квинт  |b В. Л.  |g Владимир Львович 
801 0 |c 20250303  |a RU  |b 63413507 
856 |u https://doi.org/10.18334/9785912924446 
942 |c BK